• 首页
  • 本馆介绍
  • 公告通知
  • 最新文献
  • 馆藏检索
  • 电子资源
  • 读者导购
  • 参考咨询
  • 我的图书馆
  • 登录
  • 详细信息显示
  • 放入我的书架
  • 预约/预借图书
  • 作者相关作品
  • 分类相关作品
  • 丛书相关作品
  • 出版社相关作品

书目信息

  • 表格格式
  • 工作单格式
  • 卡片格式
题名:
国民经济核算概论
    
 
作者: 苏汝劼 , 夏明 编著
分册:  
出版信息: 北京   中国人民大学出版社  2004
页数: 252页
开本: 24cm
丛书名:
单 册:
中图分类: F222.33
科图分类:
主题词: 国民经济--经济核算--高等学校--教材 , 国民经济
电子资源:
ISBN: 7-300-05707-1
000 00969nam0 2200277 450
000 01000nam0 2200277 450
000 00930nam0 2200253 450
000 00894oam2 2200241 45
005 20070725164242.67
010    @a7-300-05707-1@dCNY19.00
100    @a20070719d2004 em y0chiy0120 ea
101 0  @achi
102    @aCN@b110000
105    @ay z 000yy
200 1  @a国民经济核算概论@AGuo Min Jing Ji He Suan Gai Lun@f苏汝劼,夏明编著@FSu Ru劼, Xia Ming Bian Zhu
210    @a北京@c中国人民大学出版社@d2004
215    @a252页@d24cm
300    @a21世纪国民经济管理学系列教材
330    @a本书从我国当前国情出发,对国民经济核算概论、生产核算、投入产出核算、对外经济核算,及国民核算在经济分析中的应用进行了论述。
606 0  @a国民经济@x经济核算@x高等学校@j教材
606 0  @a国民经济
690    @aF222.33@v4
701  0 @a苏汝劼@ASu Ru劼@4编著
701  0 @a夏明@AXia Ming@c(经济核算)@4编著
801  0 @aCN@bTAOJIN@c20070725
905    @a10447@dF222.33@e272
    
    国民经济核算概论/苏汝劼,夏明编著.-北京:中国人民大学出版社,2004
    252页;24cm
    21世纪国民经济管理学系列教材
    
    ISBN 7-300-05707-1:CNY19.00
    本书从我国当前国情出发,对国民经济核算概论、生产核算、投入产出核算、对外经济核算,及国民核算在经济分析中的应用进行了论述。
●
相关链接 在E读中查询图书 在五车中查询图书 在当当中查询图书 在豆瓣中查询图书


正题名:国民经济核算概论     索取号:F222.33/272         预约/预借

序号 登录号 条形码 馆藏地/架位号 状态 备注
1 0826388   208263886   第一样本阅览室/ [索取号:F222.33/272] 在馆    
2 0826389   208263895   第一借阅区/ [索取号:F222.33/272] 在馆    
3 0826390   208263902   第一借阅区/ [索取号:F222.33/272] 在馆    
4 0826391   208263911   第一借阅区/ [索取号:F222.33/272] 在馆    
唐山师范学院图书馆 欢迎您!
大连网信软件有限公司© 版权所有